00779nac a22002171u 4500010001700000020002800017020001500045082001500060090001500075100003400090245006800124250001200192260005600204300006200260504005300322650001600375700002400391942001700415999001500432952011400447 a 2004042322 a0072860820 (alk. paper) a007111547100a658bJ7101 c2344d2344 aJones, Gareth R. 10aContemporary management /cGareth R. Jones, Jennifer M. George. a4th ed. aBoston :aNew York :bMcGraw-Hill/Irwin,2006c2006. axxix. 780 p. :bcol. ill. ;c27 cm.e1 CD-ROM (4 3/4 in.) aIncludes bibliographical references and indexes. 0aManagement.1 aGeorge, Jennifer M. cBBk658J7101 c2344d2344 00104070aMAINbMAINc1STd2007-02-18ePurchasel3o658 JONp000001840r2025-07-15 00:00:00s2010-03-25yBB